000 00506nam a22001577a 4500
003 ASAB
005 20180827062837.0
008 180510t xxu||||| |||| 00| 0 eng d
040 _cASAB
100 _aZAIRA REHMAN-Sup-Dr. Hajra Sadia
_93891
245 _aTH-MS-MUTATIONAL ANALYSIS OF PRES1 AND ITS RECEPTOR BINDING INTERACTIONS
_cZAIRA REHMAN-Sup-Dr. Hajra Sadia
260 _aIslamabad
_bASAB (NCVI)
_c2012
300 _axvi, 152 P
_b30 cm
630 _aVirology and Immunology
_93892
942 _2ddc
_cTH
999 _c480846
_d480846